00599 2200229 4500001002100000005001500021035002000036245005200056100001700108260003400125008004100159082000800200084001400208020001800222650000800240650001800248650003900266990001500305990001500320990001700335990001700352INLIS00000000000021220251203091729 a0010-11250002121 aTeknologi Informasi & Komunikasi /cAdi Pratomo1 aPratomo, Adi aJakarta :bWidya Utama,c2006251203 g 0 ind  a004 a004 PRA t a979-728-596-0 aTIK aIlmu Komputer aTeknologi Informasi dan Komunikasi a0301/TP/15 a0301/TP/15 a0301.2/TP/15 a0301.3/TP/15